[Event "CAN-op"]
[Site "Sault Ste Marie CAN"]
[Date "2017.07.15"]
[Round "8"]
[White "Lenderman, Aleksandr"]
[Black "Tarjan, James"]
[Result "0-1"]
[WhiteElo "2585"]
[BlackElo "2408"]
[WhiteFideId "-1"]
[WhiteFideId "-1"]
[PlyCount "80"]
[GameId "2160767908343895"]
[EventDate "2017.07.08"]
[EventType "swiss"]
[EventRounds "9"]
[EventCountry "CAN"]
[SourceTitle "EXT 2018"]
[Source "ChessBase"]
[SourceDate "2017.10.13"]
[SourceVersion "1"]
[SourceVersionDate "2017.10.13"]
[SourceQuality "1"]

1. Nf3 Nf6 2. c4 e6 3. g3 b6 4. Bg2 Bb7 5. O-O Be7 6. Nc3 O-O 7. Re1 Ne4 8. Nxe4 Bxe4 9. d3 Bb7 10. e4 c5 11. d4 cxd4 12. Nxd4 d6 13. b3 a6 14. Bb2 Nd7 15. Qd2 Qc7 16. Rad1 Rfe8 17. Qe2 Bf8 18. Qf1 Rad8 19. Rc1 Qb8 20. b4 Qa8 21. a3 Rc8 22. Nb3 h6 23. Nd2 Rc7 24. f4 a5 25. Qd3 d5 26. cxd5 Rxc1 27. Rxc1 exd5 28. Qb5 axb4 29. Qxd7 dxe4 30. Nc4 Rd8 31. Qg4 b5 32. Ne5 bxa3 33. Ba1 Rd5 34. f5 b4 35. f6 b3 36. Bc3 Qa7+ 37. Kh1 Qe3 38. Rf1 Qxc3 39. fxg7 Bxg7 40. Nd7 Bc6 0-1

[Event "CAN-op"]
[Site "Sault Ste Marie CAN"]
[Date "2017.07.15"]
[Round "8.6"]
[White "Plotkin, Victor"]
[Black "Mulyar, Michael"]
[Result "1/2-1/2"]
[WhiteElo "2265"]
[BlackElo "2396"]
[WhiteFideId "-1"]
[WhiteFideId "-1"]
[PlyCount "86"]
[GameId "2160767908343900"]
[EventDate "2017.07.08"]
[EventType "swiss"]
[EventRounds "9"]
[EventCountry "CAN"]
[SourceTitle "hb 2017"]

1. e4 e5 2. Nf3 Nc6 3. Bc4 Nf6 4. d3 Be7 5. O-O O-O 6. Nc3 d6 7. h3 Na5 8. Bb3 Nxb3 9. axb3 Re8 10. d4 exd4 11. Qxd4 a6 12. Bf4 Be6 13. Rad1 Nd7 14. Nd5 Bf6 15. Nxf6+ Qxf6 16. Qxf6 Nxf6 17. Rfe1 Nd7 18. Nd4 f6 19. f3 Bf7 20. Kf2 Nc5 21. Nf5 a5 22. Be3 Ne6 23. Ra1 g6 24. Nd4 Nxd4 25. Bxd4 Re6 26. c4 b6 27. g4 Rae8 28. h4 Kf8 29. Bc3 f5 30. exf5 Rxe1 31. Rxe1 gxf5 32. Rxe8+ Kxe8 33. gxf5 d5 34. cxd5 Bxd5 35. b4 axb4 36. Bxb4 c5 37. Bc3 b5 38. Ke3 Kf7 39. Kf4 b4 40. Bd2 h5 41. Ke5 Bxf3 42. Kd6 Kf6 43. Kxc5 b3 1/2-1/2

[Event "CAN-op"]
[Site "Sault Ste Marie CAN"]
[Date "2017.07.15"]
[Round "8.8"]
[White "Dougherty, Michael"]
[Black "Shi, Diwen"]
[Result "0-1"]
[WhiteElo "2204"]
[BlackElo "2293"]
[WhiteFideId "-1"]
[WhiteFideId "-1"]
[PlyCount "54"]
[GameId "2160767908343902"]
[EventDate "2017.07.08"]
[EventType "swiss"]
[EventRounds "9"]
[EventCountry "CAN"]
[SourceTitle "hb 2017"]

1. d4 Nf6 2. Nf3 e6 3. c4 d5 4. Nc3 Bb4 5. e3 O-O 6. a3 Bxc3+ 7. bxc3 c5 8. cxd5 Qxd5 9. c4 Qd6 10. Bb2 Nbd7 11. Bd3 b6 12. Ne5 Bb7 13. f4 cxd4 14. exd4 Bxg2 15. Nxd7 Qxd7 16. Rg1 Be4 17. d5 Bg6 18. f5 exf5 19. Bxf6 gxf6 20. h4 Rfe8+ 21. Kd2 b5 22. Qb3 bxc4 23. Qxc4 Rac8 24. Qb3 Qd6 25. Raf1 Qe5 26. Kd1 Rc3 27. Qb5 Rb8 0-1

[Event "CAN-op"]
[Site "Sault Ste Marie CAN"]
[Date "2017.07.15"]
[Round "8.9"]
[White "Ragnarsson, Dagur"]
[Black "Hua, Eugene"]
[Result "1/2-1/2"]
[WhiteElo "2355"]
[BlackElo "2251"]
[WhiteFideId "-1"]
[WhiteFideId "-1"]
[PlyCount "52"]
[GameId "2160767908343903"]
[EventDate "2017.07.08"]
[EventType "swiss"]
[EventRounds "9"]
[EventCountry "CAN"]
[SourceTitle "hb 2017"]

1. e4 c5 2. Nf3 e6 3. d4 cxd4 4. Nxd4 Nc6 5. Nc3 Qc7 6. Qd3 Nxd4 7. Qxd4 a6 8. Be3 b5 9. a3 Bb7 10. Be2 Nf6 11. O-O Rc8 12. e5 Nd5 13. Nxd5 Bxd5 14. a4 Bc5 15. Qxc5 Qxc5 16. Bxc5 Rxc5 17. axb5 axb5 18. c3 Ke7 19. Ra5 Bc6 20. f4 g5 21. b4 Rxc3 22. fxg5 Rc2 23. Bf3 Rc8 24. h3 Rb2 25. Ra3 Ke8 26. Rc3 Rxb4 1/2-1/2

[Event "CAN-op"]
[Site "Sault Ste Marie CAN"]
[Date "2017.07.15"]
[Round "8.10"]
[White "Munro, Allan"]
[Black "Henry, Liam"]
[Result "1/2-1/2"]
[WhiteElo "2083"]
[BlackElo "2082"]
[WhiteFideId "-1"]
[WhiteFideId "-1"]
[PlyCount "48"]
[GameId "2160767908343904"]
[EventDate "2017.07.08"]
[EventType "swiss"]
[EventRounds "9"]
[EventCountry "CAN"]
[SourceTitle "hb 2017"]

1. d4 Nf6 2. c4 g6 3. Nc3 Bg7 4. e4 d6 5. Nf3 Bg4 6. Be2 O-O 7. O-O Nfd7 8. h3 Bxf3 9. Bxf3 c5 10. d5 Na6 11. Be3 Nc7 12. Qd2 a6 13. a4 b6 14. Be2 Rb8 15. f4 Re8 16. Bf2 Nf8 17. Rad1 e6 18. Rfe1 exd5 19. exd5 f5 20. Bd3 Nd7 21. Rxe8+ Qxe8 22. Re1 Qf7 23. Bh4 Nf6 24. Re3 Re8 1/2-1/2

[Event "CAN-op"]
[Site "Sault Ste Marie CAN"]
[Date "2017.07.15"]
[Round "8.11"]
[White "Itkin, David"]
[Black "Mills, Morgon"]
[Result "1-0"]
[WhiteElo "2181"]
[BlackElo "2011"]
[WhiteFideId "-1"]
[WhiteFideId "-1"]
[PlyCount "65"]
[GameId "2160767908343905"]
[EventDate "2017.07.08"]
[EventType "swiss"]
[EventRounds "9"]
[EventCountry "CAN"]
[SourceTitle "hb 2017"]

1. e4 c6 2. c4 d5 3. exd5 cxd5 4. cxd5 Nf6 5. Nc3 g6 6. Nf3 Bg7 7. d4 O-O 8. Bd3 Nxd5 9. O-O Nc6 10. Be4 Be6 11. Re1 Re8 12. Bg5 Rc8 13. a3 Nxc3 14. bxc3 Bd5 15. Qd3 Bxe4 16. Rxe4 Qd6 17. Qe3 e6 18. Bh6 Ne7 19. Bf4 Qc6 20. Rc1 Nd5 21. Qd2 Nxf4 22. Qxf4 Bh6 23. Qxh6 Qxe4 24. Ng5 Qf4 25. Rb1 Rc7 26. g3 Qf5 27. Qxh7+ Kf8 28. Qh6+ Ke7 29. Re1 Rxc3 30. Re5 Qb1+ 31. Kg2 Rf8 32. Qg7 Rc6 33. d5 1-0

[Event "CAN-op"]
[Site "Sault Ste Marie CAN"]
[Date "2017.07.15"]
[Round "8.12"]
[White "Zhang, Henry"]
[Black "Shen, Christopher"]
[Result "0-1"]
[WhiteElo "1914"]
[BlackElo "2165"]
[WhiteFideId "-1"]
[WhiteFideId "-1"]
[PlyCount "92"]
[GameId "2160767908343906"]
[EventDate "2017.07.08"]
[EventType "swiss"]
[EventRounds "9"]
[EventCountry "CAN"]
[SourceTitle "hb 2017"]

1. e4 e6 2. d4 d5 3. Nd2 c5 4. exd5 Qxd5 5. Ngf3 cxd4 6. Bc4 Qd6 7. O-O Nf6 8. Nb3 Nc6 9. Nbxd4 Nxd4 10. Nxd4 a6 11. c3 Qc7 12. Bb3 Bd6 13. h3 Bd7 14. Qf3 O-O-O 15. Be3 Kb8 16. Rfc1 e5 17. Nc2 Bc6 18. Qe2 Nd5 19. Rd1 Be7 20. Rd2 f5 21. Rad1 Nf6 22. Rxd8+ Rxd8 23. Bg5 Rxd1+ 24. Qxd1 Bc5 25. Bxf6 gxf6 26. Ne3 Bxe3 27. fxe3 Qb6 28. Qd6+ Ka7 29. Qd2 f4 30. Kf2 fxe3+ 31. Qxe3 Qxe3+ 32. Kxe3 Bxg2 33. Bc2 Bxh3 34. Bxh7 Be6 35. Bb1 f5 36. a3 Kb6 37. Bd3 Kc5 38. b4+ Kd6 39. c4 e4 40. c5+ Ke5 41. Bf1 f4+ 42. Kf2 e3+ 43. Ke1 f3 44. Bd3 Kd4 45. Bg6 f2+ 46. Ke2 Bc4+ 0-1

[Event "CAN-op"]
[Site "Sault Ste Marie CAN"]
[Date "2017.07.15"]
[Round "8.13"]
[White "Chakkoli, Shiva"]
[Black "Fradkin, Benjamin"]
[Result "0-1"]
[WhiteElo "2075"]
[BlackElo "1868"]
[WhiteFideId "-1"]
[WhiteFideId "-1"]
[PlyCount "64"]
[GameId "2160767908343907"]
[EventDate "2017.07.08"]
[EventType "swiss"]
[EventRounds "9"]
[EventCountry "CAN"]
[SourceTitle "hb 2017"]

1. e4 c6 2. f4 d5 3. exd5 cxd5 4. d4 Nf6 5. Be2 Bf5 6. Nf3 e6 7. O-O Bd6 8. Kh1 Nc6 9. c3 O-O 10. Ne5 Bxb1 11. Rxb1 Ne4 12. Be3 f5 13. Rf3 Bxe5 14. dxe5 Na5 15. Qf1 Rc8 16. Rd1 Nc4 17. Bc1 Qa5 18. a3 Qb6 19. Bxc4 Rxc4 20. Qe2 a5 21. Be3 Qb5 22. Rh3 g6 23. Bc1 Rd4 24. Rdd3 Rxd3 25. Kg1 Qc5+ 26. Be3 Rxe3 27. Rxe3 d4 28. cxd4 Qxd4 29. g3 Rd8 30. Kg2 Qd2 31. Kh3 Qxe2 32. Rxe2 Rd2 0-1

[Event "CAN-op"]
[Site "Sault Ste Marie CAN"]
[Date "2017.07.16"]
[Round "9"]
[White "Mulyar, Michael"]
[Black "Perez Garcia, Rodney Oscar"]
[Result "1/2-1/2"]
[WhiteElo "2395"]
[BlackElo "2299"]
[WhiteFideId "-1"]
[WhiteFideId "-1"]
[PlyCount "21"]
[GameId "2160767908343910"]
[EventDate "2017.07.08"]
[EventType "swiss"]
[EventRounds "9"]
[EventCountry "CAN"]
[SourceTitle "EXT 2018"]
[Source "ChessBase"]
[SourceDate "2017.10.13"]
[SourceVersion "1"]
[SourceVersionDate "2017.10.13"]
[SourceQuality "1"]

1. d4 d5 2. c4 c6 3. Nf3 Nf6 4. Nc3 dxc4 5. a4 e6 6. e4 Bb4 7. Bg5 Qa5 8. Bd2 c5 9. Bxc4 cxd4 10. Nxd4 O-O 11. Bf1 1/2-1/2

[Event "CAN-op"]
[Site "Sault Ste Marie CAN"]
[Date "2017.07.16"]
[Round "9.3"]
[White "Cherniaev, Alexander"]
[Black "Tarjan, James"]
[Result "1/2-1/2"]
[WhiteElo "2426"]
[BlackElo "2409"]
[WhiteFideId "-1"]
[WhiteFideId "-1"]
[PlyCount "35"]
[GameId "2160767908343913"]
[EventDate "2017.07.08"]
[EventType "swiss"]
[EventRounds "9"]
[EventCountry "CAN"]
[SourceTitle "hb 2017"]

1. d4 d5 2. Nf3 Nf6 3. c4 e6 4. g3 Bb4+ 5. Bd2 Be7 6. Bg2 O-O 7. O-O Nbd7 8. Qc2 Ne4 9. Bf4 c6 10. Nfd2 g5 11. Be3 Nd6 12. f3 f5 13. Bf2 f4 14. e4 fxe3 15. Bxe3 Nf5 16. Bf2 Bf6 17. Nb3 Nb6 18. N1d2 1/2-1/2

[Event "CAN-op"]
[Site "Sault Ste Marie CAN"]
[Date "2017.07.16"]
[Round "9.7"]
[White "Hua, Eugene"]
[Black "Lenderman, Aleksandr"]
[Result "1/2-1/2"]
[WhiteElo "2251"]
[BlackElo "2585"]
[WhiteFideId "-1"]
[WhiteFideId "-1"]
[PlyCount "54"]
[GameId "2160767908343916"]
[EventDate "2017.07.08"]
[EventType "swiss"]
[EventRounds "9"]
[EventCountry "CAN"]
[SourceTitle "hb 2017"]

1. e4 d6 2. d4 Nf6 3. Nc3 e5 4. Nf3 Nbd7 5. Bc4 Be7 6. O-O O-O 7. h3 a6 8. a4 b6 9. Re1 c6 10. b3 Bb7 11. d5 Nc5 12. Ba3 cxd5 13. Bxd5 Bxd5 14. Nxd5 Nxd5 15. Qxd5 Rc8 16. Bxc5 Rxc5 17. Qd3 b5 18. axb5 axb5 19. Ra7 Rc7 20. Rxc7 Qxc7 21. Qxb5 Qxc2 22. Qd7 Bf6 23. Qxd6 Qxb3 24. Nxe5 Bxe5 25. Qxe5 Rd8 26. Qc5 h6 27. Qe3 Qxe3 1/2-1/2

[Event "CAN-op"]
[Site "Sault Ste Marie CAN"]
[Date "2017.07.16"]
[Round "9.10"]
[White "Sundar, Avinaash"]
[Black "Munro, Allan"]
[Result "1/2-1/2"]
[WhiteElo "2073"]
[BlackElo "2083"]
[WhiteFideId "-1"]
[WhiteFideId "-1"]
[PlyCount "88"]
[GameId "2160767908343919"]
[EventDate "2017.07.08"]
[EventType "swiss"]
[EventRounds "9"]
[EventCountry "CAN"]
[SourceTitle "hb 2017"]

1. e4 e5 2. Nf3 Nc6 3. d4 exd4 4. Nxd4 Bc5 5. Nb3 Bb4+ 6. c3 Be7 7. g3 Nf6 8. Bg2 d6 9. O-O O-O 10. Bg5 Re8 11. N1d2 Ng4 12. Bxe7 Qxe7 13. h3 Nf6 14. Qc2 Bd7 15. Rae1 a5 16. f4 a4 17. Nc1 Ra5 18. Nd3 Be6 19. a3 h5 20. Qd1 g6 21. f5 Bd7 22. Nc4 Re5 23. Ncxe5 Nxe5 24. Nxe5 Qxe5 25. Qd4 g5 26. Qxe5 Rxe5 27. Rf2 Kg7 28. Rfe2 Bb5 29. Re3 Bc6 30. Bf3 Kh6 31. g4 h4 32. Kf2 Nd7 33. Bd1 Nc5 34. Bc2 Kg7 35. Kf3 Kf6 36. Rd1 b6 37. Rd4 Re8 38. Re1 Re5 39. Ke3 Re8 40. Rb4 Ra8 41. Bd3 Re8 42. Kd2 Re5 43. Kc2 Re7 44. Kd2 Re5 1/2-1/2

[Event "CAN-op"]
[Site "Sault Ste Marie CAN"]
[Date "2017.07.16"]
[Round "9.11"]
[White "Fradkin, Benjamin"]
[Black "Dougherty, Michael"]
[Result "0-1"]
[WhiteElo "1868"]
[BlackElo "2204"]
[WhiteFideId "-1"]
[WhiteFideId "-1"]
[PlyCount "112"]
[GameId "2160767908343920"]
[EventDate "2017.07.08"]
[EventType "swiss"]
[EventRounds "9"]
[EventCountry "CAN"]
[SourceTitle "hb 2017"]

1. d4 g6 2. Nf3 Bg7 3. e4 c5 4. c3 cxd4 5. cxd4 d5 6. Bb5+ Bd7 7. Bxd7+ Qxd7 8. e5 Nh6 9. Nc3 O-O 10. Bxh6 Bxh6 11. Qb3 e6 12. O-O Nc6 13. Qa3 f6 14. exf6 Rxf6 15. Rad1 Bf8 16. Qb3 Rc8 17. Ne5 Nxe5 18. dxe5 Rf5 19. Ne4 Be7 20. f4 Qc6 21. Nd6 Bxd6 22. exd6 Rf7 23. Qe3 Qxd6 24. Rde1 Rc6 25. Qxa7 Rc2 26. Qd4 b5 27. a3 Rc5 28. Qe5 Rc6 29. Qxd6 Rxd6 30. Re3 Rc7 31. Rfe1 Kf7 32. R1e2 Rc4 33. g3 b4 34. Kf2 Kf6 35. Kf3 Rb6 36. g4 bxa3 37. g5+ Ke7 38. bxa3 Ra4 39. Rc2 Kd7 40. Rd3 Rb1 41. Rdc3 Rf1+ 42. Kg3 Rfxf4 43. Rc7+ Kd6 44. Rxh7 Rg4+ 45. Kf3 Rxg5 46. Rc3 Rgg4 47. Rb7 Raf4+ 48. Ke2 Rg2+ 49. Ke1 Re4+ 50. Kf1 Rxh2 51. Rb6+ Ke5 52. Rb4 Rxb4 53. axb4 Rb2 54. Re3+ Kd6 55. Rg3 Rxb4 56. Rxg6 Rb2 0-1

[Event "CAN-op"]
[Site "Sault Ste Marie CAN"]
[Date "2017.07.16"]
[Round "9.12"]
[White "Shen, Christopher"]
[Black "Chakkoli, Shiva"]
[Result "1-0"]
[WhiteElo "2165"]
[BlackElo "2075"]
[WhiteFideId "-1"]
[WhiteFideId "-1"]
[PlyCount "45"]
[GameId "2160767908343921"]
[EventDate "2017.07.08"]
[EventType "swiss"]
[EventRounds "9"]
[EventCountry "CAN"]
[SourceTitle "hb 2017"]

1. c4 e5 2. g3 f5 3. Bg2 Nf6 4. Nc3 Bc5 5. e3 O-O 6. d4 exd4 7. exd4 Bb4 8. Nge2 Bxc3+ 9. bxc3 c6 10. O-O d5 11. cxd5 Nxd5 12. c4 Nc7 13. Bb2 Nd7 14. d5 c5 15. Nf4 Nb6 16. d6 Ne8 17. Bd5+ Kh8 18. Re1 Qxd6 19. Qh5 Nxd5 20. Rxe8 Nxf4 21. Qf7 Ne6 22. Bxg7+ Nxg7 23. Rxf8+ 1-0

[Event "CAN-op"]
[Site "Sault Ste Marie CAN"]
[Date "2017.07.16"]
[Round "9.14"]
[White "Mills, Morgon"]
[Black "McGilly, Craig"]
[Result "1-0"]
[WhiteElo "2192"]
[BlackElo "1524"]
[WhiteFideId "-1"]
[WhiteFideId "-1"]
[PlyCount "55"]
[GameId "2160767908343923"]
[EventDate "2017.07.08"]
[EventType "swiss"]
[EventRounds "9"]
[EventCountry "CAN"]
[SourceTitle "hb 2017"]

1. d4 f5 2. c4 b6 3. Nf3 Bb7 4. g3 Nf6 5. Bg2 e6 6. O-O d5 7. b3 Bd6 8. Nc3 c6 9. cxd5 cxd5 10. Nb5 Be7 11. Bf4 Na6 12. Rc1 O-O 13. Qd3 Qd7 14. Ne5 Qe8 15. a4 Ne4 16. Nc7 Nxc7 17. Rxc7 Nd6 18. Rfc1 Rc8 19. Qc2 g5 20. Bd2 a6 21. Nd7 Rf7 22. Nxb6 Bd8 23. Rxc8 Nxc8 24. Nxc8 Rc7 25. Nd6 Qe7 26. Nxf5 exf5 27. Qxf5 Qxe2 28. Bxd5+ 1-0

[Event "CAN-op U1400"]
[Site "Sault Ste Marie CAN"]
[Date "2017.07.11"]
[Round "1"]
[White "Chakkoli, Anirud"]
[Black "Bai, Kingsley"]
[Result "1-0"]
[WhiteElo "1174"]
[BlackElo "652"]
[WhiteFideId "-1"]
[WhiteFideId "-1"]
[PlyCount "37"]
[GameId "2160767908343924"]
[EventDate "2017.07.08"]
[EventType "swiss"]
[EventRounds "9"]
[EventCountry "CAN"]
[SourceTitle "EXT 2022"]
[Source "ChessBase"]
[SourceDate "2021.10.06"]
[SourceVersion "1"]
[SourceVersionDate "2021.10.06"]
[SourceQuality "1"]

1. e4 e6 2. d4 d5 3. exd5 exd5 4. Nc3 Nf6 5. Bd3 Bd6 6. Nf3 O-O 7. O-O c6 8. Bg5 Bc7 9. h3 Qd6 10. Re1 Re8 11. Bxf6 Rxe1+ 12. Qxe1 gxf6 13. Qe8+ Kg7 14. Qxc8 a5 15. Qg4+ Kf8 16. Re1 Na6 17. Qh5 Kg8 18. Qxh7+ Kf8 19. Qh8# 1-0

[Event "CAN-op U1400"]
[Site "Sault Ste Marie CAN"]
[Date "2017.07.11"]
[Round "1"]
[White "Chen, Derek1"]
[Black "Gaisinsky, Jacob"]
[Result "1-0"]
[WhiteElo "1336"]
[BlackElo "943"]
[WhiteFideId "-1"]
[WhiteFideId "-1"]
[PlyCount "31"]
[GameId "2160767908343925"]
[EventDate "2017.07.08"]
[EventType "swiss"]
[EventRounds "9"]
[EventCountry "CAN"]
[SourceTitle "EXT 2022"]
[Source "ChessBase"]
[SourceDate "2021.10.06"]
[SourceVersion "1"]
[SourceVersionDate "2021.10.06"]
[SourceQuality "1"]

1. e4 e5 2. Nc3 Nf6 3. f4 exf4 4. e5 Qe7 5. Qe2 f3 6. Nxf3 Nh5 7. d4 d6 8. Nd5 Qd8 9. exd6+ Be6 10. Nxc7+ Kd7 11. Nxa8 Bxd6 12. Qb5+ Kc8 13. Qxh5 Re8 14. Kf2 Bd5 15. Bb5 Rh8 16. Re1 1-0

[Event "CAN-op U1400"]
[Site "Sault Ste Marie CAN"]
[Date "2017.07.11"]
[Round "1"]
[White "Dong, Yiwei"]
[Black "Chen, Alina Yuexi"]
[Result "1-0"]
[WhiteElo "1256"]
[BlackElo "670"]
[WhiteFideId "-1"]
[WhiteFideId "-1"]
[PlyCount "85"]
[GameId "2160767908343926"]
[EventDate "2017.07.08"]
[EventType "swiss"]
[EventRounds "9"]
[EventCountry "CAN"]
[SourceTitle "EXT 2022"]
[Source "ChessBase"]
[SourceDate "2021.10.06"]
[SourceVersion "1"]
[SourceVersionDate "2021.10.06"]
[SourceQuality "1"]

1. d4 d5 2. c4 e6 3. Nf3 Nf6 4. Bg5 h6 5. Bh4 Nc6 6. Nc3 Be7 7. e3 O-O 8. Bd3 Re8 9. O-O dxc4 10. Bxc4 Bd6 11. Ne4 Be7 12. Qc2 Nxe4 13. Bxe7 Qxe7 14. Qxe4 e5 15. Bb5 exd4 16. Qxe7 Rxe7 17. Bxc6 bxc6 18. Nxd4 Bf5 19. Nxf5 Re5 20. Nd4 c5 21. Nf3 Re7 22. Rac1 Rb8 23. b3 Rb5 24. Rfd1 Ra5 25. a4 c6 26. Rd8+ Kh7 27. Rc8 Rb7 28. Nd2 Rb6 29. Nc4 Raa6 30. Nxb6 Rxb6 31. Rxc5 Rxb3 32. R8xc6 Rb1+ 33. Rc1 Rb4 34. R6c4 Rb8 35. Kf1 Rd8 36. Rc7 Ra8 37. Rxf7 Kg8 38. Rcc7 a5 39. Rxg7+ Kh8 40. Rh7+ Kg8 41. Rcg7+ Kf8 42. Rb7 Rc8 43. Rh8# 1-0

[Event "CAN-op U1400"]
[Site "Sault Ste Marie CAN"]
[Date "2017.07.11"]
[Round "1"]
[White "Jiang, Kate"]
[Black "Gaur, Shivan"]
[Result "0-1"]
[WhiteElo "875"]
[BlackElo "1281"]
[WhiteFideId "-1"]
[WhiteFideId "-1"]
[PlyCount "54"]
[GameId "2160767908343927"]
[EventDate "2017.07.08"]
[EventType "swiss"]
[EventRounds "9"]
[EventCountry "CAN"]
[SourceTitle "EXT 2022"]
[Source "ChessBase"]
[SourceDate "2021.10.06"]
[SourceVersion "1"]
[SourceVersionDate "2021.10.06"]
[SourceQuality "1"]

1. e4 c5 2. c3 g6 3. d4 cxd4 4. cxd4 d5 5. e5 Bg7 6. Nf3 Nc6 7. Nc3 Bg4 8. Be2 Nh6 9. h3 Bxf3 10. Bxf3 e6 11. Bxh6 Bxh6 12. Be2 O-O 13. Bb5 Rc8 14. Bxc6 Rxc6 15. O-O Rc4 16. Qd3 Qb6 17. b3 Rxd4 18. Qb5 Rb4 19. Qxb6 Rxb6 20. f4 Rc8 21. Ne2 Rb4 22. g3 Re4 23. Nc1 Rc2 24. Nd3 Re3 25. Nf2 Rxg3+ 26. Kh1 Rf3 27. Kg1 Rxf4 0-1

[Event "CAN-op U1400"]
[Site "Sault Ste Marie CAN"]
[Date "2017.07.11"]
[Round "1"]
[White "Li, Gabriel"]
[Black "Ai, Amy"]
[Result "0-1"]
[WhiteElo "813"]
[BlackElo "1260"]
[WhiteFideId "-1"]
[WhiteFideId "-1"]
[PlyCount "134"]
[GameId "2160767908343928"]
[EventDate "2017.07.08"]
[EventType "swiss"]
[EventRounds "9"]
[EventCountry "CAN"]
[SourceTitle "EXT 2022"]
[Source "ChessBase"]
[SourceDate "2021.10.06"]
[SourceVersion "1"]
[SourceVersionDate "2021.10.06"]
[SourceQuality "1"]

1. e4 e5 2. Nf3 Nc6 3. Bb5 a6 4. Bxc6 dxc6 5. Nxe5 Qd4 6. Nf3 Qxe4+ 7. Qe2 Qxe2+ 8. Kxe2 Be6 9. Re1 h6 10. Kd1 O-O-O 11. c3 Nf6 12. Nd4 Bd7 13. d3 Bc5 14. Nb3 Bxf2 15. Re7 Be6 16. Bf4 Rd7 17. Rxd7 Bxd7 18. d4 Bh4 19. Be5 Ng4 20. Bxg7 Rg8 21. Be5 Nxe5 22. dxe5 Rxg2 23. N1d2 Rxh2 24. Kc2 Bf5+ 25. Kd1 Rh1+ 26. Ke2 Rxa1 27. Nxa1 Kd7 28. Nf3 Bg4 29. Ke3 Bxf3 30. Kxf3 Ke6 31. Ke4 Bg3 32. Kf3 Bxe5 33. Kg4 f5+ 34. Kh5 f4 35. Nb3 Bg7 36. Kg6 Bf8 37. Nd2 Bd6 38. Kh5 Kf5 39. Kh4 Bc5 40. Kh5 Be3 41. Nf1 Ke4 42. Kxh6 f3+ 43. Kg7 Bf4 44. Kf8 Kd3 45. Ke8 Ke2 46. Kd7 Kxf1 47. Kc8 b6 48. Kb7 f2 49. Kxa6 Ke2 50. b4 f1=Q 51. a4 Ke3+ 52. Kb7 Qa1 53. a5 bxa5 54. b5 Qxc3 55. b6 Qb4 56. Ka8 cxb6 57. Ka7 Qe7+ 58. Kxb6 Qc7+ 59. Kc5 Qb6+ 60. Kxb6 a4 61. Kxc6 a3 62. Kb7 a2 63. Kc6 a1=Q 64. Kb5 Qc3 65. Ka6 Qb4 66. Ka7 Bc7 67. Ka8 Qb8# 0-1

[Event "CAN-op U1400"]
[Site "Sault Ste Marie CAN"]
[Date "2017.07.11"]
[Round "1"]
[White "Vo, Peter"]
[Black "Hay, Jonathan"]
[Result "1-0"]
[WhiteElo "1362"]
[BlackElo "1002"]
[WhiteFideId "-1"]
[WhiteFideId "-1"]
[PlyCount "53"]
[GameId "2160767908343932"]
[EventDate "2017.07.08"]
[EventType "swiss"]
[EventRounds "9"]
[EventCountry "CAN"]

1. e4 c5 2. Nf3 Nc6 3. d4 cxd4 4. Nxd4 d6 5. Nc3 Nf6 6. Be3 g6 7. Qd2 Bg7 8. O-O-O O-O 9. f3 Be6 10. g4 Qa5 11. Kb1 a6 12. h4 b5 13. Nxc6 Qc7 14. Nd4 b4 15. Nce2 Rfb8 16. Nxe6 fxe6 17. Nd4 Qd7 18. h5 e5 19. Nb3 Nxg4 20. fxg4 Qxg4 21. Bc4+ Kh8 22. hxg6 Qxg6 23. Bd5 Ra7 24. Bxa7 Rb5 25. Bc6 a5 26. Bxb5 Qxe4 27. Bd3 1-0

[Event "CAN-op U1400"]
[Site "Sault Ste Marie CAN"]
[Date "2017.07.11"]
[Round "1"]
[White "Wang, Arthur D"]
[Black "Qiu, James"]
[Result "0-1"]
[WhiteElo "634"]
[BlackElo "1152"]
[WhiteFideId "-1"]
[WhiteFideId "-1"]
[PlyCount "56"]
[GameId "2160767908343934"]
[EventDate "2017.07.08"]
[EventType "swiss"]
[EventRounds "9"]
[EventCountry "CAN"]
[SourceTitle "EXT 2022"]
[Source "ChessBase"]
[SourceDate "2021.10.06"]
[SourceVersion "1"]
[SourceVersionDate "2021.10.06"]
[SourceQuality "1"]

1. d4 d5 2. Nf3 Nc6 3. e3 Nf6 4. Bd3 e6 5. O-O Bd6 6. b3 O-O 7. Bb2 Re8 8. Nbd2 e5 9. c4 e4 10. cxd5 exf3 11. dxc6 fxg2 12. cxb7 gxf1=Q+ 13. Kxf1 Bxb7 14. Rc1 Nd5 15. Qc2 Qf6 16. Bxh7+ Kh8 17. Bf5 g6 18. e4 gxf5 19. exd5 Bxd5 20. Nf3 Qh6 21. Qxf5 Be4 22. Qxf7 Qh3+ 23. Ke2 Bg6+ 24. Qxe8+ Rxe8+ 25. Ne5 Bh5+ 26. Kd2 Bxe5 27. dxe5 Rd8+ 28. Kc2 Qd3# 0-1

[Event "CAN-op U1400"]
[Site "Sault Ste Marie CAN"]
[Date "2017.07.11"]
[Round "1"]
[White "Wang, Daniel1"]
[Black "Cameron, Brian"]
[Result "1-0"]
[WhiteElo "1285"]
[BlackElo "900"]
[WhiteFideId "-1"]
[WhiteFideId "-1"]
[PlyCount "57"]
[GameId "2160767908343935"]
[EventDate "2017.07.08"]
[EventType "swiss"]
[EventRounds "9"]
[EventCountry "CAN"]
[SourceTitle "EXT 2022"]
[Source "ChessBase"]
[SourceDate "2021.10.06"]
[SourceVersion "1"]
[SourceVersionDate "2021.10.06"]
[SourceQuality "1"]

1. e4 e5 2. Bc4 Nf6 3. d3 Bc5 4. Nf3 d6 5. h3 O-O 6. c3 Nc6 7. Bb3 Qe7 8. Nbd2 h6 9. Nf1 Be6 10. Bc2 Rad8 11. Ng3 d5 12. Qe2 d4 13. O-O Rd6 14. b4 Bb6 15. b5 Na5 16. Ba3 Rfd8 17. Bxd6 Rxd6 18. cxd4 exd4 19. e5 Rd5 20. exf6 Qxf6 21. a4 c6 22. bxc6 Nxc6 23. Bb3 Rd6 24. Ne4 Qg6 25. Nh4 Qxg2+ 26. Nxg2 Bxh3 27. Nxd6 Bc7 28. Bxf7+ Kh7 29. Qe8 1-0